Les pays asiatiques les plus devinés sur le Jetpunk - Statistiques

Statistiques générales
  • Ce quiz a été pris 187 fois
  • Le résultat moyen est 8 sur 10
Statistiques - réponses
% Pays % Correct
99 Chine
99%
98 Japon
98%
98 Inde
97%
95 Corée du Sud
88%
95 Corée du Nord
83%
91 Indonésie
78%
91 Iran
63%
91 Arabie Saoudite
62%
92 Turquie
61%
93 Mongolie
58%
Aucun quiz correspondant
Distribution des résultats
% des personnes avec chaque résultat
Percentile par nombre de réponses
Votre historique - résultats
Vous n’avez pas pris ce quiz